000 00644nam a2200241Ia 4500
003 OSt
005 20220918185212.0
006 a|||||r|||| 00| 0
007 ta
008 220917b |||||||| |||| 00| 0 eng d
024 _a50,086
037 _cTextual
040 _aARTS
_cARTS
_beng
041 _2eng
_aeng
082 _aP:(D65,8(B)), N6
100 _aMarkowitz Judith A
_968215
245 0 _aUsing speech recognitaion
260 _aN.Jerset
_bPrentice Hall PTR
_c1996
300 _axix,292p.
_ccm.
650 _aLINGUISTICS
942 _hP:(D65,8(B)), N6
_cTEXL
_2CC
999 _c179685
_d179685